000
00240nam a2200097Ia 4500
001
1198961
005
20250827021855.0
008
250824s9999 xx 000 0 und d
245
0
_a
SESSİZ TANIK
_c
AGATHA CHRISTIE
260
_b
ALTIN KİTAPLAR
999
_c
1198961
_d
1198961